01015nam a2200229 a 450000100100000000500170001000800410002702000150006804000250008310000310010824501820013926000270032130000280034849000460037650000210042250400320044350400730047571000610054883000530060995201060066299900170076800004193920201002035837.0131017s1996 sp a 000 0 spa d a8400075994 aDO-SdBNPbspacBNPHU1 aHernández, Esther96885314aVocabulario en lengua castellana y mexicana de Fray Alonso de Molina :bestudio de los indigenismos léxicos y registro de las voces españolas internas /cEsther Hernández. aMadrid :bCSIC,c1996. a450 p. :bil. ;c25 cm.1 aBiblioteca de filología hispánicav15 aIncluye índice aBibliografía : p. 437-450 aIncluye referencias bibliográficas y notas al pie de las páginas2 aConsejo Superior de Investigaciones Científicas,94786 0aBiblioteca de filología hispánicav15967489 0010507-18MOaGRbGRcOId2013-10-23iLF1l0o p41939-10r2020-06-25w2020-06-25y1ZNo se presta c41428d41428